Statistics for California Gurls - Katy Perry Lyrics

Click here to take the quiz!

General Stats

  • This quiz has been taken 1,715 times
    (1,713 since last reset)
  • The average score is 213 of 341

Answer Stats

Answer% Correct
(california)
97%
California
97%
california
97%
girls
97%
girl's
97%
i
95%
I
95%
on
95%
a
94%
to
93%
we
93%
the
91%
you
90%
so
87%
bikinis
85%
top
85%
oh
83%
(oh
83%
we're
83%
your
83%
be
82%
in
79%
it
77%
no
77%
sun
77%
hot
76%
is
76%
kiss
76%
love
76%
and
75%
unforgettable
75%
where
74%
coast
73%
daisy
73%
place
72%
popsicle
72%
know
71%
undeniable
70%
grass
69%
up
69%
west
69%
melt
68%
skin
68%
dukes
67%
got
67%
greener
67%
but
66%
kissed
66%
there
66%
travel
65%
us
65%
us)
65%
world
65%
beach
64%
nothing
64%
really
64%
water
64%
are
63%
close
63%
fresh
63%
hands
63%
put
63%
wild
63%
comes
62%
with
62%
party
61%
something
61%
must
59%
represent
59%
fine
58%
golden
58%
now
58%
you'll
58%
he
57%
LA
57%
one
57%
we'll
57%
falling
56%
lock
56%
sex
56%
wet
56%
could
55%
palm
52%
warm
51%
onc
50%
trees
50%
juice
49%
my
49%
boys
48%
fierce
48%
once
47%
sneak
47%
their
47%
most
46%
sippin
46%
underneath
46%
(at
45%
break
44%
let's
44%
little
44%
peak
44%
take
44%
these
44%
gin
43%
laying
43%
ones
43%
its
42%
jeep
42%
necks
41%
'Cause
39%
cause
39%
freak
39%
greetings
39%
loved
39%
she
39%
stereo
39%
(yeah)
39%
yeah)
39%
her
38%
journey
38%
like
38%
all
37%
tan
37%
getting
35%
katy
35%
our
35%
ready
35%
snoop
35%
dogg
34%
creep
33%
heavy
33%
lady
32%
sand
32%
that
32%
turn
32%
fit
31%
I'm
31%
tryna
31%
doggy
29%
mean
29%
you're
29%
out
28%
shes
28%
squeeze
28%
stilettos
28%
touch
28%
just
27%
baby
25%
don't
25%
ass
24%
drive
24%
springs
24%
(uh
24%
hangin
23%
martinis
23%
buns
21%
toned
21%
here
20%
play
20%
(undone)
20%
venice
20%
won't
20%
huh)
18%
mind
18%
ok
18%
representin'
18%
this
18%
ya
18%
summertime
17%
everything
16%
king
16%
live
16%
weenies
16%
queeny
12%
wish
12%
man
10%
bangin
9%
zucchinis
9%
lookie
7%
bait
3%
arty
2%
homboys
2%

Score Distribution

Percentile by Number Answered

Percent of People with Each Score

Your Score History

You have not taken this quiz since the last reset